GOT Houses Quiz (extensive) - Statistics

General Stats
  • This quiz has been taken 20 times
  • The average score is 56 of 1133
Answer Stats
Answer % Correct
North Stark
100%
Riverlands | Westerlands Lannister
83%
Crownlands | Crownlands (Dragonstone) | Stormlands Baratheon
78%
North Bolton
78%
Crownlands Targaryen
72%
Riverlands Grey
67%
Orange band on green/gray
67%
Reach Tyrell
67%
Winter Is Coming
67%
Iron Islands Greyjoy
56%
Riverlands Tully
56%
North Karstark
50%
Three feathers red/white/gold
50%
Vale of Arryn Arryn
44%
Black/orange rayonne over castle
44%
Black/orange suns
44%
Black/yellow diamonds and escutcheons
44%
Dorne Martell
44%
Red/black piles
44%
Red/green/blue triple spiral
44%
Winterfell
39%
Dreadfort
33%
Riverlands Frey
33%
Green/black vairy
33%
North Umber
33%
Vale of Arryn Baelish
28%
Dragonstone
28%
Harrenhal
28%
Highgarden
28%
| Reach Hightower
28%
Pyke
28%
Reach Tarly
28%
Riverlands Bracken
22%
Westerlands Casterly
22%
Westerlands Clegane
22%
Stormlands (Marcher Lords) Dondarrion
22%
Hear Me Roar!
22%
North Manderly
22%
North Mormont
22%
Stormlands (Marcher Lords) Selmy
22%
Stormlands Tarth
22%
Twins
22%
Bear
17%
Bear Island
17%
Riverlands Blackwood
17%
Casterly Rock
17%
Stormlands Cole
17%
Crow
17%
Dorne Dayne
17%
Eyrie
17%
Fire and Blood
17%
North Glover
17%
Karhold
17%
Our Blades Are Sharp
17%
North (Crannogmen) Reed
17%
Stormlands Seaworth
17%
Seven-pointed star in silver/blue
17%
Storm's End
17%
Riverlands Strong
17%
Crownlands (Dragonstone) Velaryon
17%
Riverlands Whent
17%
Yellow/red rayonne
17%
| Reach Ashford
11%
Bat
11%
Battleaxe
11%
Reach Beesbury
11%
Clegane's Keep
11%
Cod
11%
Stormlands Connington
11%
Vale of Arryn Corbray
11%
Driftmark
11%
Iron Islands Drumm
11%
North Dustin
11%
Family, Duty, Honor
11%
North | North (Mountain Clans) Flint
11%
Reach Fossoway
11%
Reach Gardener
11%
North Greystark
11%
Growing Strong
11%
| Iron Islands | Iron Islands (Shield Islands) Harlaw
11%
Iron Islands Hoare
11%
| North Hornwood
11%
Kraken
11%
Lannisport
11%
North Locke
11%
Riverlands Mallister
11%
Reach Oakheart
11%
Ours Is the Fury
11%
Westerlands Payne
11%
Red Keep
11%
Reach Redwyne
11%
Westerlands Reyne
11%
Riverrun
11%
| Crownlands Rosby
11%
Vale of Arryn Royce
11%
North Ryswell
11%
North Stout
11%
North Tallhart
11%
North Thenn
11%
Three-headed dragon
11%
Stormlands Trant
11%
We Do Not Sow
11%
| Dorne Yronwood
11%
North Amber
6%
Amberly
6%
Iron Islands (Shield Islands) Andrik
6%
Antlers
6%
Arbor
6%
Ashemark
6%
As High As Honor
6%
Badger
6%
Bandallon
6%
| Westerlands Banefort
6%
Crownlands (Dragonstone) Bar Emmon
6%
Bare tree
6%
Barrow Hall
6%
Bear Paw
6%
Bells
6%
Vale of Arryn Belmore
6%
Bitterbridge
6%
Reach Blackbar
6%
Crownlands Blackfyre
6%
Blackhaven
6%
| Dorne Blackmont
6%
North (Crannogmen) Blackmyre
6%
Blackpool
6%
| Iron Islands Blacktyde
6%
Vale of Arryn (Sistermen) Borrell
6%
Iron Islands Botley
6%
Westerlands Brax
6%
Vale of Arryn Breakstone
6%
Breakstone Hill
6%
Breakwater
6%
Brightwater Keep
6%
Bronzegate
6%
Bronze/red sun
6%
Brown/gold chevron
6%
Crownlands (Cracklaw Point) Brune
6%
Stormlands Buckler
6%
Crownlands Buckwell
6%
Bullmoose
6%
Burning tree
6%
Riverlands Butterwell
6%
Stormlands Cafferen
6%
Caltrops
6%
Cape Wrath
6%
Stormlands (Marcher Lords) Caron
6%
Castamere
6%
Castle Cerwyn
6%
Reach Caswell
6%
Crownlands (Dragonstone) Celtigar
6%
North Cerwyn
6%
Cider Hall
6%
Claw Isle
6%
Iron Islands Codd
6%
Coldmoat
6%
Vale of Arryn Coldwater
6%
Coldwater Burn
6%
Cornfield
6%
Corpse Lake
6%
Reach Costayne
6%
Riverlands Cox
6%
Crownlands (Cracklaw Point) Crabb
6%
Crabs
6%
Crag
6%
Reach Crane
6%
Cross
6%
Crossed quills
6%
North (Skagosi Clans) Crowl
6%
Crowned stag
6%
Crow's Nest
6%
Crow Spike Keep
6%
Reach Cuy
6%
Dorne Dalt
6%
Darkdell
6%
Crownlands Darklyn
6%
| Riverlands Darry
6%
Deep Den
6%
Deepdown
6%
Deepwood Motte
6%
Double-headed eagle
6%
Dun Fort
6%
Stormlands Durrandon
6%
Dyre Den
6%
Vale of Arryn Elesham
6%
Stormlands Errol
6%
Stormlands Estermont
6%
Evenfall Hall
6%
Faircastle
6%
Westerlands Farman
6%
Iron Islands Farwynd
6%
Fawnton
6%
Stormlands Fell
6%
Fellwood
6%
North (Crannogmen) Fenn
6%
Fish
6%
North | Riverlands Fisher
6%
Fist
6%
Flint's Finger
6%
Reach Florent
6%
Reach Footly
6%
North (Wolfswood Clans) Forrester
6%
Dorne Fowler
6%
Gallowsgrey
6%
Dorne Gargalen
6%
Gates of the Moon
6%
Ghost Hill
6%
Goldengrove
6%
Golden rose
6%
Golden Tooth
6%
Goldgrass
6%
Riverlands Goodbrook
6%
Iron Islands Goodbrother
6%
Vale of Arryn Grafton
6%
Stormlands Grandison
6%
Grandview
6%
| Westerlands Greenfield
6%
Greenshield
6%
Greenstone
6%
Grey Garden
6%
Greywater Watch
6%
Griffin's Roost
6%
Reach (Shield Islands) Grimm
6%
Grimston
6%
Gull Tower
6%
Gulltown
6%
Hammerhorn
6%
Hanged man
6%
North (Mountain Clans) Harclay
6%
Crownlands (Cracklaw Point) Hardy
6%
Vale of Arryn Hardyng
6%
Harlaw Hall
6%
Harvest Hall
6%
Haystack
6%
Haystack Hall
6%
Heart's Home
6%
Hellholt
6%
Here We Stand
6%
Vale of Arryn Hersy
6%
Reach (Shield Islands) Hewett
6%
Hoare Castle
6%
Crownlands Hollard
6%
Honeyholt
6%
Hooded man
6%
Horn Hill
6%
Stormlands Horpe
6%
Dorne Hull
6%
Reach Hunt
6%
Vale of Arryn Hunter
6%
Reach Inchfield
6%
Dorne Jordayne
6%
Kayce
6%
Iron Islands | Westerlands Kenning
6%
Kingsgrave
6%
Kingshouse
6%
Dorne Ladybright
6%
Last Hearth
6%
Leaping Trout
6%
Westerlands Lefford
6%
Lemonwood
6%
North (Mountain Clans) Liddle
6%
Littlesister
6%
Lonely Light
6%
North Long
6%
Longship against sunset
6%
Longsister
6%
Longtable
6%
Vale of Arryn (Sistermen) Longthorpe
6%
Lord Harroway's Town
6%
Lord Hewett's castle
6%
Lordsport
6%
Riverlands Lothston
6%
Westerlands Lydden
6%
Vale of Arryn Lynderly
6%
North (Skagosi Clans) Magnar
6%
Maidenpool
6%
Dorne Manwoody
6%
Westerlands Marbrand
6%
Crownlands Massey
6%
Iron Islands Merlyn
6%
Merman
6%
Reach Merryweather
6%
Stormlands Mertyns
6%
Mistwood
6%
Misty Isle
6%
Vale of Arryn Moore
6%
Riverlands Mooton
6%
Stormlands Morrigen
6%
North Moss
6%
Riverlands Mudd
6%
Reach Mullendore
6%
Iron Islands Myre
6%
New Barrel
6%
Newkeep
6%
Nightsong
6%
Nine bats
6%
Nine stars
6%
Ninestars
6%
North (Mountain Clans) Norrey
6%
Oakenshield
6%
Oldcastle
6%
Old Oak
6%
Oldstones
6%
Old Wyk
6%
Riverlands Paege
6%
Paps
6%
Reach Peake
6%
North (Crannogmen) Peat
6%
Pebble
6%
Pebbleton
6%
Unknown Penny
6%
Stormlands Penrose
6%
Plowman
6%
North Poole
6%
Portcullis
6%
Westerlands Prester
6%
Vale of Arryn Pryor
6%
Crownlands Pyle
6%
Crownlands (Cracklaw Point) Pyne
6%
Dorne Qorgyle
6%
North (Crannogmen) Quagg
6%
Rain House
6%
Raventree Hall
6%
Red and white diamonds
6%
North Redbeard
6%
Red castle
6%
| Vale of Arryn Redfort
6%
Red Lake
6%
Red Salmon
6%
Rills
6%
Roaring lion
6%
Rook's Rest
6%
Riverlands Roote
6%
Reach Rowan
6%
Runestone
6%
Running direwolf
6%
Riverlands Ryger
6%
Crownlands Rykker
6%
| Iron Islands Saltcliffe
6%
Saltpans
6%
Salt Shore
6%
Sandstone
6%
| Westerlands Sarsfield
6%
Scythe
6%
Seahorse
6%
Sealskin Point
6%
Westerlands Serrett
6%
Reach (Shield Islands) Serry
6%
Dorne | Vale of Arryn Shell
6%
Vale of Arryn Shett
6%
Silver eagle
6%
Silver/gold checkers on black
6%
Silverhill
6%
Skyreach
6%
North Slate
6%
Sleeping lion
6%
Crownlands (Dragonstone) Slynt
6%
Riverlands Smallwood
6%
Snakewood
6%
Southshield
6%
Iron Islands Sparr
6%
Westerlands Spicer
6%
North (Skagosi Clans) Stane
6%
Starfall
6%
Crownlands Staunton
6%
| Crownlands Stokeworth
6%
Stonedance
6%
Stonehelm
6%
Iron Islands Stonetree
6%
Stony Shore
6%
Strongsong
6%
Vale of Arryn (Sistermen) Sunderland
6%
Iron Islands Sunderly
6%
Crownlands (Dragonstone) Sunglass
6%
Sunhouse
6%
Stormlands (Marcher Lords) Swann
6%
Unknown Sweet
6%
Westerlands Swyft
6%
Westerlands Tarbeck
6%
Tarbeck Hall
6%
Vale of Arryn Templeton
6%
Ten Towers
6%
Ten wolf heads
6%
The Sun of Winter
6%
Three buckets
6%
Three crowns
6%
Three Towers
6%
Dorne Toland
6%
Vale of Arryn Tollett
6%
Tor
6%
Vale of Arryn (Sistermen) Torrent
6%
Torrhen's Square
6%
Tumbleton
6%
Dorne Uller
6%
Unbowed, Unbent, Unbroken
6%
Unicorn
6%
Vale of Arryn Upcliff
6%
Uplands
6%
| Dorne Vaith
6%
Riverlands Vance
6%
Reach Vyrwel
6%
Warhorn
6%
Vale of Arryn Waxley
6%
Reach Webber
6%
Westerlands Westerling
6%
Whispers
6%
North Whitehill
6%
White sun
6%
Whitewalls
6%
Wickenden
6%
Widow's Watch
6%
Reach Willum
6%
Witch Isle
6%
Wolf's Den
6%
North (Mountain Clans) Wull
6%
| Dorne Wyl
6%
Stormlands Wylde
6%
Wyvern
6%
Above the Rest
0%
Westerlands Algood
0%
Dorne Allyrion
0%
Reach Ambrose
0%
| Reach Appleton
0%
Apple trees and gatehouses
0%
Arch of stars above a pile
0%
North Ashwood
0%
As Strong As Stone
0%
A Taste of Glory
0%
Atranta
0%
Awake! Awake!
0%
Reach Ball
0%
Band of coins between two helmets
0%
Baratheon+Lannister
0%
Battering ram
0%
Battling swans
0%
Behold Our Bounty
0%
Unknown Belgrave
0%
Westerlands Bettley
0%
Beware Our Sting
0%
Riverlands Bigglestone
0%
Unknown Blackberry
0%
Blackcrown
0%
Black horse with a red mane
0%
Black saltires and green/white diamonds
0%
Black ship with an onion on its sail
0%
Black Stripe on Silver
0%
Black talon
0%
Riverlands Blanetree
0%
Bloody moon
0%
Bloody Spear
0%
Crownlands Blount
0%
Blue dot on white
0%
Blue eyes over the sea
0%
Blue pall on red
0%
Blue red green stripes
0%
Blue wavy band on gold
0%
Boars' heads and lions
0%
Crownlands (Cracklaw Point) | North (Crannogmen) Boggs
0%
North (Wolfswood Clans) Bole
0%
Stormlands Bolling
0%
Bone Hand
0%
Unknown Bourney
0%
North (Wolfswood Clans) Branch
0%
Brave and Beautiful
0%
Dorne Briar
0%
Bridge
0%
Reach Bridges
0%
Vale of Arryn Brightstone
0%
Broad Arch
0%
Broken wheel
0%
Dorne Brook
0%
Westerlands Broom
0%
Westerlands Broome
0%
Brown and green rectangles
0%
Brown deer bound on a pole
0%
Dorne | Stormlands Brownhill
0%
Brownhollow
0%
Brown saltire on blue
0%
Bull's skull
0%
Reach Bulwer
0%
North (Mountain Clans) Burley
0%
Burning Bright
0%
Burning tower
0%
Unknown Bush
0%
Reach Bushy
0%
Butterflies
0%
By Day or Night
0%
Crownlands Byrch
0%
Crownlands Bywater
0%
Crownlands Cargyll
0%
North Cassel
0%
Catfish
0%
Cat's face and a jug
0%
Crownlands (Cracklaw Point) Cave
0%
Centaur with a bow
0%
Chalices and black roses
0%
Riverlands Chambers
0%
Riverlands Charlton
0%
Checkered band on grey
0%
Checkered lion
0%
Crownlands Chelsted
0%
Reach (Shield Islands) Chester
0%
Crownlands Chyttering
0%
Westerlands Clifton
0%
Reach Cobb
0%
Cockatrice with a snake in its beak
0%
Reach Cockshaw
0%
Come Try Me
0%
North Condon
0%
Reach Conklyn
0%
Copper dagger
0%
Reach Cordwayner
0%
| Westerlands Crakehall
0%
Cranes
0%
North (Crannogmen) Cray
0%
Crescent moon above a forest
0%
Crownlands Cressey
0%
Cresting Wave
0%
Crossed chains over stuff
0%
Crossed keys
0%
Crossed oars
0%
Crossed spears
0%
Crossed warhammers
0%
Crown between rusty longaxes
0%
Crowned catfish
0%
Crowned skull
0%
Crown of stars
0%
Unknown Cupps
0%
Dagger piercing a heart
0%
Dancing maiden
0%
Crownlands Dargood
0%
Crownlands Darke
0%
Crownlands Darkwood
0%
Death Before Disgrace
0%
Death's head moths
0%
Riverlands Deddings
0%
Two porcupines, red band
0%
Westerlands Doggett
0%
Dolphin
0%
Vale of Arryn Donniger
0%
Door
0%
Downdelving
0%
Dragon biting its tail
0%
Dragons, eyes in rings
0%
Dragons, towers
0%
Dreadfort Harrenhal
0%
Driftwood hall
0%
Driftwood tree
0%
Dorne Drinkwater
0%
Drowned man getting nibbled on by fish
0%
Westerlands Drox
0%
Dorne Dryland
0%
Reach Dunn
0%
Reach Durwell
0%
Eagle's head between crossed tridents
0%
Eclipse
0%
Crownlands Edgerton
0%
Vale of Arryn Egen
0%
Riverlands Erenford
0%
Westerlands Estren
0%
Ever Vigilant
0%
Falcon against moon
0%
Westerlands Falwell
0%
Crownlands Farring
0%
Unknown Farrow
0%
Feastfires
0%
Westerlands Ferren
0%
Ferrets
0%
Field of copper nails
0%
Fire over masonry
0%
First in Battle
0%
Fish and hooks
0%
Five arrows crossed
0%
Five dots above green/white lozengy
0%
Five flails and stuff
0%
Five mascles
0%
Five starfish
0%
Five Towers
0%
Flail
0%
Flaming arrows
0%
Flaming saltire, four skulls
0%
Flayed man and bloody spots
0%
Flowers
0%
Fly High, Fly Far
0%
Flying pig
0%
Crownlands Follard
0%
Fool juggling suns
0%
Fool's cap over gyronny
0%
Stormlands (Marcher Lords) | Westerlands Foote
0%
For All Seasons
0%
Four green stripes on yellow
0%
Four hawks' heads
0%
Four wheels
0%
Unknown Foxglove
0%
Fox's head encircled by flowers
0%
From These Beginnings
0%
North Frost
0%
Westerlands Garner
0%
Crownlands Gaunt
0%
Godsgrace
0%
Golden coins on purple/white checkers
0%
Golden crown with emeralds
0%
Golden Hand
0%
Golden heron with a silver fish
0%
Golden longbow
0%
Golden pavillions, laurel crowns
0%
Golden pile and sun
0%
Golden scales
0%
Golden stag
0%
Golden tree
0%
Golden trident
0%
Golden Wreath
0%
Unknown Goode
0%
Goose on red/black stripes
0%
Stormlands Gower
0%
Reach Graceford
0%
Grape cluster
0%
Grassfield Keep
0%
Reach Graves
0%
Great horned owl
0%
Great Wyk
0%
Green apple
0%
Green arrow
0%
Green fretty over gold
0%
North (Crannogmen) Greengood
0%
Green hand
0%
Unknown Greenhill
0%
Green ivy on black masonry
0%
Green lego
0%
Green saltire, double-headed eagles
0%
Green snakes
0%
Green with white tressure
0%
North Greenwood
0%
Riverlands Grell
0%
Grey and black piles
0%
Grey Glen
0%
Grey hand on a pall
0%
Iron Islands Greyiron
0%
Grey with white tressure
0%
Unknown Groves
0%
Gyronny, axes
0%
Hag's Mire
0%
Riverlands Haigh
0%
Halberds between four diamonds
0%
Westerlands Hamell
0%
Hammerhal
0%
Hand flashing lightning from its fingertips
0%
Hand pointing at a sun
0%
Harridan Hill
0%
Riverlands Harroway
0%
Crownlands Harte
0%
Reach Hastwyck
0%
Stormlands Hasty
0%
Riverlands Hawick
0%
Westerlands Hawthorne
0%
| Crownlands Hayford
0%
Hearts, lions, broken sword
0%
Hellgate Hall
0%
Helm
0%
Helm with a sprig of broom
0%
Stormlands Herston
0%
Westerlands Hetherspoon
0%
High Hermitage
0%
Highpoint
0%
Crownlands Hogg
0%
Dorne | North Holt
0%
Holyhall
0%
Honed and Ready
0%
Honor, not Honors
0%
Hooded hawk
0%
Riverlands Hook
0%
Horn spilling out fruit
0%
Hornvale
0%
Iron Islands Humble
0%
Huntsman with a bow
0%
Reach Hutcheson
0%
I Have No Rival
0%
Interlocked rings of thorns and pink flowers
0%
Iron Holt
0%
Iron Islands Ironmaker
0%
Ironoaks
0%
North Ironsmith
0%
Iron studs, runes
0%
Ivy Hall
0%
Westerlands Jast
0%
Jug
0%
Riverlands Justman
0%
Riverlands Keath
0%
Stormlands Kellington
0%
Kettle
0%
Crownlands Kettleblack
0%
Reach Kidwell
0%
Knife
0%
Knight on a horse with a lance
0%
Knot
0%
North (Mountain Clans) Knott
0%
Westerlands Kyndall
0%
Dorne | North Lake
0%
Lamb holding goblet
0%
Crownlands Langward
0%
Westerlands Lannett
0%
Lannister+Darry
0%
Westerlands Lanny
0%
Unknown Lansdale
0%
Westerlands Lantell
0%
Leaping Swordfish
0%
Unknown Leek
0%
Lemons
0%
Leopard holding axe
0%
Let It Be Written
0%
Let Me Soar
0%
Leviathan
0%
Reach Leygood
0%
North Lightfoot
0%
Light in Darkness
0%
Line of footprints
0%
Lions' heads, stripes
0%
Lion with a forked tail
0%
Vale of Arryn Lipps
0%
Lips
0%
Lips, skulls
0%
Lizard-lion
0%
Lobster holding a harpoon
0%
Locked book
0%
Riverlands Lolliston
0%
Longbow Hall
0%
Crownlands Longwaters
0%
Stormlands Lonmouth
0%
Westerlands Lorch
0%
Reach Lowther
0%
Reach Lyberr
0%
Riverlands Lychester
0%
Lychester's Keep
0%
Mace crossed with dagger
0%
Maelstrom
0%
Crownlands Mallery
0%
Unknown Mandrake
0%
Crownlands Manning
0%
Manticore
0%
Maple leaves
0%
North Marsh
0%
Maunch
0%
Reach Meadows
0%
Vale of Arryn Melcolm
0%
Reach Middlebury
0%
Mockingbirds
0%
North Mollen
0%
Westerlands Moreland
0%
Mormont Keep
0%
Stormlands Musgood
0%
Westerlands Myatt
0%
Riverlands Nayland
0%
Iron Islands Netley
0%
Never Resting
0%
New Castle
0%
Nightingales
0%
Nine-headed serpent
0%
Nine seagulls
0%
No Foe May Pass
0%
None So Dutiful
0%
None So Fierce
0%
None So Wise
0%
Reach Norcross
0%
Reach Norridge
0%
Northern Mountains
0%
No Song So Sweet
0%
Iron Islands (Shield Islands) Nute
0%
Riverlands Nutt
0%
Old Anchor
0%
Reach Oldflowers
0%
-Olive and ivory stripes
0%
Open pea pod
0%
Open scroll
0%
Orange band on black
0%
Orkmont
0%
Iron Islands Orkwood
0%
Reach Orme
0%
Reach Osgrey
0%
Our Roots Go Deep
0%
Our Sun Shines Bright
0%
North Overton
0%
Parchments
0%
Westerlands Parren
0%
Peacock
0%
Stormlands Peasebury
0%
Westerlands Peckledon
0%
Riverlands Pemford
0%
Riverlands Perryn
0%
Pinecones and fir trees
0%
Pines
0%
Pine tree covered with snow
0%
Pinkmaiden Castle
0%
Riverlands Piper
0%
Pitchfork
0%
Westerlands Plumm
0%
Poddingfield
0%
Unknown Polander
0%
Pomegranate
0%
Reach Pommingham
0%
Portcullis over crescent, runes
0%
Unknown Potter
0%
Pride and Purpose
0%
Proud and Free
0%
Proud to Be Faithful
0%
Purple lightning between stars
0%
Riverlands Qoherys
0%
Quill on checkers
0%
Crownlands Rambton
0%
Ram's head
0%
Unknown Rankenfell
0%
Ravens around a dead tree
0%
Ravens holding hearts
0%
Red and white snakes
0%
Red ants
0%
Red apple
0%
Red chevrons on ermine
0%
Reach Redding
0%
Red martlets
0%
Red ox on ermine
0%
Red pall on brown
0%
Red Stallion
0%
Red sun rising from a green sea
0%
Reach Rhysling
0%
Right Conquers Might
0%
Righteous in Wrath
0%
Ring
0%
Reach Risley
0%
Risley Glade
0%
Roaring giant with broken chains
0%
Stormlands Rogers
0%
Crownlands Rollingford
0%
Rooster
0%
Rooster's head
0%
Rouse Me Not
0%
Reach Roxton
0%
Unknown Ruskyn
0%
Rusty anchor
0%
Vale of Arryn Ruthermont
0%
Westerlands Ruttiger
0%
North Ryder
0%
Saltire of interlocked rings
0%
Sandship
0%
Dorne Santagar
0%
Unknown Sawyer
0%
Scourge of nettles
0%
Scythes and peacocks
0%
Seabirds
0%
Seagard
0%
Sea King
0%
Sea Lion
0%
Set Down Our Deeds
0%
Seven green dots on brown
0%
Seven hands
0%
Seven stars
0%
Iron Islands Sharp
0%
Sharp Point
0%
Shatterstone
0%
Riverlands Shawney
0%
Iron Islands Shepherd
0%
Reach Shermer
0%
Silver studs and longships
0%
Six acorns
0%
Six candles
0%
Six dots with waves
0%
Six flowers
0%
Six green thistles
0%
Six seashells
0%
Six stars
0%
Sledgehammer
0%
Reach Sloane
0%
Smithyton
0%
Snake biting a heel
0%
So End Our Foes
0%
Sound the Charge
0%
Sow's Horn
0%
Spider crab
0%
Spider on a web
0%
Spoon
0%
Spotted tree cat
0%
Spottswood
0%
Squirrel
0%
Reach Stackhouse
0%
Westerlands Stackspear
0%
Stormlands Staedmon
0%
Stag in a heart in a sun
0%
Standfast
0%
Star between two piles
0%
Starpike
0%
Stars and a sun
0%
Stone Hedge
0%
Iron Islands Stonehouse
0%
Unknown Straw
0%
Strawberries on a saltire
0%
Unknown Strickland
0%
Striped boar
0%
Unknown Suggs
0%
Sun, crescent, star
0%
Sun pierced by spear
0%
Suns and crescents
0%
Sweetpot Sound
0%
Sword between horseshoes
0%
Sword crossed with falling star
0%
Stormlands Swygert
0%
Iron Islands Tawney
0%
Riverlands Teague
0%
Ten black dots on scarlet
0%
Ten frogs
0%
Ten hands beneath a red band
0%
Ten nooses
0%
Ten stars
0%
Riverlands Terrick
0%
The Choice Is Yours
0%
The Old, the True, the Brave
0%
The Wind Our Steed
0%
Crownlands Thorne
0%
Though All Men Do Despise Us
0%
Three beehives
0%
Three blue beetles
0%
Three blue moons on a white band
0%
Three buckles
0%
Three castles
0%
Three crossbows
0%
Three crossed longswords and dragon skeleton
0%
Three deers' heads
0%
Three fish
0%
Three golden bands on white
0%
Three harps
0%
Three hedgehogs
0%
Three lances
0%
Three leopards
0%
Three lions' heads
0%
Three oaken barrels
0%
Three oak leaves
0%
Three owls
0%
Three pepperpots
0%
Three purple circles on yellow
0%
Three running dogs
0%
Three scorpions
0%
Three sentinel trees
0%
Three ships
0%
Three Sisters
0%
Three spearheads
0%
Three sprigs of mistletoe
0%
Three stalks of wheat
0%
Three thunderbolts
0%
Three trees, green, red and bare
0%
Three water lilies
0%
Three white dots on a red chevron
0%
Three wings
0%
Three women's heads
0%
Three Woolsacks
0%
Tireless
0%
Toad on a lilypad
0%
Touch Me Not
0%
Tower Glimmering
0%
North | Riverlands Towers
0%
Stormlands Toyne
0%
Tread Lightly Here
0%
Trefoils on a cross on ermine
0%
True to the Mark
0%
Truth Conquers
0%
Stormlands Tudbury
0%
Westerlands Turnberry
0%
Turtle
0%
Twining sprouts
0%
Two blue towers
0%
Two boots
0%
Two fawns
0%
Two golden roses
0%
Two griffins
0%
Two-headed horse
0%
Two-headed pelican
0%
Two Scythes
0%
Two swordsmen
0%
Two trumpets, three stags
0%
Reach Uffering
0%
Undulating green white and yellow
0%
Unflinching
0%
Unicorn and raven
0%
Unicorns around a maze
0%
Reach Varner
0%
Westerlands Vikary
0%
| Iron Islands (Shield Islands) Volmark
0%
Vulture with an infant in its claws
0%
Riverlands Vypren
0%
Dorne Wade
0%
Stormlands Wagstaff
0%
Unknown Warrick
0%
North Waterman
0%
Wayfarer's Rest
0%
Riverlands Wayn
0%
Vale of Arryn Waynwood
0%
Weasel on ermine
0%
Unknown Weatherwax
0%
Iron Islands Weaver
0%
Weeping Town
0%
Weeping willow
0%
We Guard the Way
0%
We Light the Way
0%
Dorne | North Wells
0%
Crownlands Wendwater
0%
Stormlands Wensington
0%
We Remember
0%
Reach Westbrook
0%
Wheels of flame
0%
When All is Darkest
0%
White band on purple
0%
Stormlands Whitehead
0%
White rose
0%
White sun and chevron
0%
Unknown Whitfield
0%
Willow Wood
0%
Winged chalice
0%
Winged heart
0%
Wings over checkers
0%
Wisdom and Strength
0%
Riverlands Wode
0%
Woman's face
0%
Wooden escutcheon, blue and white waves
0%
North Woodfoot
0%
Vale of Arryn Woodhull
0%
North (Wolfswood Clans) Woods
0%
Reach Woodwright
0%
North Woolfield
0%
Work Her Will
0%
Unknown Wormwood
0%
Vale of Arryn Wydman
0%
Iron Islands Wynch
0%
Wyndhall
0%
Reach Wythers
0%
Westerlands Yarwyck
0%
Reach Yelshire
0%
Westerlands Yew
0%
No matching quizzes found
Score Distribution
Percent of People with Each Score
Percentile by Number Answered
Your Score History
You have not taken this quiz